000 00270nam a2200109Ia 4500
005 20251222143213.0
008 251222s9999||||xx |||||||||||||| ||spa||
082 _a338.92/C78/2003
245 0 _aHacia una Agenda Social para América Latina
264 _bCAF
942 _cLIB
999 _c13528
_d13528